[Event "Memorial Sergio Pons"]
[Site "Ciutadella ESP"]
[Date "2008.12.27"]
[Round "1.1"]
[White "Movsziszian, Karen"]
[Black "Pons Sastre, Santiago"]
[Result "0-1"]
[WhiteElo "2558"]
[BlackElo "2378"]
[PlyCount "66"]
[EventDate "2008.12.28"]
[EventType "tourn"]
[EventRounds "9"]
[EventCountry "ESP"]
[EventCategory "3"]
[Source "lmi"]
[SourceDate "2008.12.27"]

1. g3 d5 2. Bg2 e5 3. d3 c6 4. Nf3 Bd6 5. O-O Ne7 6. e4 O-O 7. Nbd2 Bg4 8. h3
Bh5 9. Re1 Nd7 10. c3 f5 11. exf5 Bxf3 12. Nxf3 Nxf5 13. c4 Bc5 14. cxd5 Qb6
15. Qc2 cxd5 16. b4 Bxb4 17. Rb1 Qd6 18. Bd2 Bc5 19. Rxb7 Rac8 20. Qb1 e4 21.
dxe4 Nxg3 22. e5 Nxe5 23. Rxe5 Bxf2+ 24. Kh2 Ne4 25. Bb4 Bg3+ 26. Kg1 Qh6 27.
Qd3 Rc1+ 28. Be1 Bxe1 29. Qxd5+ Kh8 30. Rxe4 Bg3+ 31. Bf1 Qxh3 32. Qd3 Bf2+ 33.
Kxf2 Rxf3+ 0-1

[Event "Memorial Sergio Pons"]
[Site "Ciutadella ESP"]
[Date "2008.12.27"]
[Round "1.2"]
[White "Mercadal Benejam, Josep"]
[Black "Alonso Garcia, Rene"]
[Result "0-1"]
[WhiteElo "2140"]
[BlackElo "2368"]
[PlyCount "66"]
[EventDate "2008.12.28"]
[EventType "tourn"]
[EventRounds "9"]
[EventCountry "ESP"]
[EventCategory "3"]
[Source "lmi"]
[SourceDate "2008.12.27"]

1. b3 e5 2. Bb2 Nc6 3. e3 Nf6 4. Bb5 Bd6 5. Ne2 Ne7 6. d4 e4 7. Ng3 c6 8. Be2
Bc7 9. c4 d5 10. Nd2 O-O 11. cxd5 cxd5 12. O-O Ne8 13. Rc1 f5 14. f4 exf3 15.
Nxf3 Ng6 16. Ne5 Qg5 17. Bh5 Be6 18. Bxg6 hxg6 19. Qd3 Bd6 20. Ne2 Qh6 21. Nf4
g5 22. Nxe6 Qxe6 23. g4 fxg4 24. Rxf8+ Bxf8 25. Rf1 Nd6 26. Ng6 Ne4 27. Nxf8
Rxf8 28. Rxf8+ Kxf8 29. Ba3+ Kg8 30. Qf1 Qf6 31. Qxf6 gxf6 32. Be7 Kf7 33. Bd8
Nc3 0-1

[Event "Memorial Sergio Pons"]
[Site "Ciutadella ESP"]
[Date "2008.12.27"]
[Round "1.3"]
[White "Lopez, Jordi"]
[Black "Pons Carreras, David"]
[Result "1/2-1/2"]
[WhiteElo "2301"]
[BlackElo "2288"]
[PlyCount "48"]
[EventDate "2008.12.28"]
[EventType "tourn"]
[EventRounds "9"]
[EventCountry "ESP"]
[EventCategory "3"]
[Source "lmi"]
[SourceDate "2008.12.27"]

1. b3 Nf6 2. Bb2 d5 3. Nf3 c5 4. e3 a6 5. c4 e6 6. Be2 Nc6 7. O-O d4 8. d3 e5
9. e4 Be7 10. Ne1 h5 11. Bc1 Be6 12. f4 exf4 13. Bxf4 Bd6 14. Qc1 Bxf4 15. Qxf4
Ng4 16. Bxg4 hxg4 17. Nd2 Qh4 18. a3 O-O-O 19. Rf2 g5 20. Qg3 Rh5 21. Nf1 Rdh8
22. Qd6 Rd8 23. Qg3 Rdh8 24. Qd6 Rd8 1/2-1/2

[Event "Memorial Sergio Pons"]
[Site "Ciutadella ESP"]
[Date "2008.12.27"]
[Round "1.5"]
[White "Glicenstein, Asher"]
[Black "Massanet Massanet, Sebastian"]
[Result "1/2-1/2"]
[WhiteElo "2225"]
[BlackElo "2299"]
[PlyCount "64"]
[EventDate "2008.12.28"]
[EventType "tourn"]
[EventRounds "9"]
[EventCountry "ESP"]
[EventCategory "3"]
[Source "lmi"]
[SourceDate "2008.12.27"]

1. d4 d5 2. c4 c6 3. Nf3 Nf6 4. Nc3 e6 5. Bg5 dxc4 6. e4 b5 7. e5 h6 8. Bh4 g5
9. Nxg5 hxg5 10. Bxg5 Nbd7 11. exf6 Bb7 12. g3 c5 13. d5 Nxf6 14. Bg2 Bh6 15.
Bh4 Bg7 16. O-O Rxh4 17. gxh4 Nxd5 18. Qg4 Bxc3 19. bxc3 Nf6 20. Qg7 Bxg2 21.
Qxg2 Qd5 22. f3 Ke7 23. Qb2 Rg8+ 24. Kh1 a6 25. a4 Ng4 26. axb5 Ne3 27. bxa6
Nxf1 28. Rxf1 Ra8 29. Qb7+ Kf6 30. Rg1 Rxa6 31. Qxa6 Qxf3+ 32. Rg2 Qf1+ 1/2-1/2

[Event "Memorial Sergio Pons"]
[Site "Ciutadella ESP"]
[Date "2008.12.28"]
[Round "2.1"]
[White "Pons Sastre, Santiago"]
[Black "Massanet Massanet, Sebastian"]
[Result "1-0"]
[WhiteElo "2378"]
[BlackElo "2299"]
[PlyCount "89"]
[EventDate "2008.12.28"]
[EventType "tourn"]
[EventRounds "9"]
[EventCountry "ESP"]
[EventCategory "3"]
[Source "lmi"]
[SourceDate "2008.12.27"]

1. c4 Nf6 2. g3 e6 3. Bg2 d5 4. Nf3 Be7 5. O-O O-O 6. d4 dxc4 7. Qc2 a6 8. Qxc4
b5 9. Qc2 Bb7 10. Bf4 Bd6 11. Nc3 Nc6 12. Rfd1 Nb4 13. Qc1 Nbd5 14. Be5 Rc8 15.
Nxd5 Bxd5 16. Qf4 Qe7 17. Bxf6 Qxf6 18. Qxf6 gxf6 19. Ne1 Bxg2 20. Kxg2 c5 21.
dxc5 Bxc5 22. Rd7 Rfd8 23. Rad1 Be7 24. R1d3 Kf8 25. Ra7 Rxd3 26. Nxd3 Rc6 27.
Ra8+ Kg7 28. g4 Bd6 29. f4 Be7 30. Kf3 Bd6 31. h3 e5 32. fxe5 Bxe5 33. b3 Bc3
34. Nf4 Be5 35. Nd5 Bd6 36. Ne3 h6 37. Nf5+ Kh7 38. h4 Bc5 39. h5 Re6 40. Rc8
Bd6 41. Rd8 Ba3 42. Rd7 Bc1 43. Rxf7+ Kh8 44. e3 Rc6 45. Nxh6 1-0

[Event "Memorial Sergio Pons"]
[Site "Ciutadella ESP"]
[Date "2008.12.28"]
[Round "2.2"]
[White "Karim, Ismael"]
[Black "Glicenstein, Asher"]
[Result "1-0"]
[WhiteElo "2392"]
[BlackElo "2225"]
[PlyCount "55"]
[EventDate "2008.12.28"]
[EventType "tourn"]
[EventRounds "9"]
[EventCountry "ESP"]
[EventCategory "3"]
[Source "lmi"]
[SourceDate "2008.12.27"]

1. e4 c5 2. Nf3 d6 3. Nc3 a6 4. d4 cxd4 5. Nxd4 Nf6 6. f3 e5 7. Nb3 Be6 8. Be3
Be7 9. Qd2 O-O 10. O-O-O Nbd7 11. g4 b5 12. g5 b4 13. Ne2 Ne8 14. f4 a5 15. f5
a4 16. Nbd4 exd4 17. Nxd4 b3 18. Kb1 bxc2+ 19. Nxc2 Bb3 20. axb3 axb3 21. Na3
Ra4 22. Bb5 Rxe4 23. f6 gxf6 24. gxf6 Ndxf6 25. Bh6 Kh8 26. Bxf8 Bxf8 27. Rhe1
Qa8 28. Qc3 1-0

[Event "Memorial Sergio Pons"]
[Site "Ciutadella ESP"]
[Date "2008.12.28"]
[Round "2.4"]
[White "Alonso Garcia, Rene"]
[Black "Lopez, Jordi"]
[Result "1/2-1/2"]
[WhiteElo "2368"]
[BlackElo "2301"]
[PlyCount "100"]
[EventDate "2008.12.28"]
[EventType "tourn"]
[EventRounds "9"]
[EventCountry "ESP"]
[EventCategory "3"]
[Source "lmi"]
[SourceDate "2008.12.27"]

1. d4 Nf6 2. Nf3 e6 3. c4 b6 4. a3 Bb7 5. Nc3 Be7 6. d5 O-O 7. e4 exd5 8. cxd5
d6 9. Bd3 c6 10. dxc6 Nxc6 11. O-O Ne5 12. Nxe5 dxe5 13. Qe2 Rc8 14. Rd1 Qc7
15. Bg5 Rfd8 16. Bxf6 Bxf6 17. Ba6 Rxd1+ 18. Rxd1 Rd8 19. Bxb7 Rxd1+ 20. Qxd1
Qxb7 21. Nd5 Qc6 22. g3 g6 23. Kg2 Kg7 24. h4 h5 25. Qd3 a5 26. b3 Kf8 27. Qe3
Bd8 28. Qd3 Be7 29. a4 Bc5 30. Qc3 Qe6 31. Qd2 Kg7 32. Qc3 Kf8 33. Qc4 Kg7 34.
Qa6 Qc6 35. Qc4 Qe6 36. Qc2 Kf8 37. Qe2 Kg7 38. Qb5 f5 39. Qc4 f4 40. Qc3 fxg3
41. Qxg3 Bd4 42. Qg5 Qf7 43. f3 Qe6 44. Qd8 Bc5 45. Qc7+ Kh6 46. Qb8 g5 47.
Qh8+ Kg6 48. hxg5 Kxg5 49. Qg7+ Qg6 50. Qxg6+ Kxg6 1/2-1/2

[Event "Memorial Sergio Pons"]
[Site "Ciutadella ESP"]
[Date "2008.12.28"]
[Round "2.5"]
[White "Movsziszian, Karen"]
[Black "Mercadal Benejam, Josep"]
[Result "1-0"]
[WhiteElo "2558"]
[BlackElo "2140"]
[PlyCount "61"]
[EventDate "2008.12.28"]
[EventType "tourn"]
[EventRounds "9"]
[EventCountry "ESP"]
[EventCategory "3"]
[Source "lmi"]
[SourceDate "2008.12.27"]

1. g3 d5 2. Bg2 c6 3. d3 Nf6 4. f4 g6 5. Nf3 Bg7 6. O-O O-O 7. Kh1 Nbd7 8. Nc3
Nc5 9. e3 Bg4 10. h3 Bxf3 11. Qxf3 e6 12. e4 d4 13. Ne2 Na6 14. Bd2 Qb6 15.
Rab1 Rad8 16. a3 Nc7 17. g4 Rfe8 18. Ng3 Nd7 19. h4 f6 20. Bh3 e5 21. f5 Rf8
22. Rf2 Rf7 23. b3 c5 24. Rg1 Rdf8 25. Rh2 Qc6 26. Qg2 Ne8 27. g5 Nd6 28. fxg6
hxg6 29. Be6 f5 30. Bd5 Qc7 31. h5 1-0

[Event "Memorial Sergio Pons"]
[Site "Ciutadella ESP"]
[Date "2008.12.29"]
[Round "3.1"]
[White "Mercadal Benejam, Josep"]
[Black "Pons Sastre, Santiago"]
[Result "1/2-1/2"]
[WhiteElo "2140"]
[BlackElo "2378"]
[PlyCount "33"]
[EventDate "2008.12.28"]
[EventType "tourn"]
[EventRounds "9"]
[EventCountry "ESP"]
[EventCategory "3"]
[Source "lmi"]
[SourceDate "2008.12.27"]

1. b3 d5 2. Bb2 Bg4 3. g3 c6 4. Bg2 Nd7 5. f4 h5 6. h3 Bf5 7. Nf3 Ngf6 8. d3 e6
9. e3 Bc5 10. Qe2 Qb6 11. Bd4 O-O-O 12. Nc3 Bxd4 13. exd4 Ne8 14. Na4 Qc7 15.
O-O Nd6 16. Nc5 Nf8 17. b4 1/2-1/2

[Event "Memorial Sergio Pons"]
[Site "Ciutadella ESP"]
[Date "2008.12.29"]
[Round "3.2"]
[White "Lopez, Jordi"]
[Black "Movsziszian, Karen"]
[Result "1/2-1/2"]
[WhiteElo "2301"]
[BlackElo "2558"]
[PlyCount "104"]
[EventDate "2008.12.28"]
[EventType "tourn"]
[EventRounds "9"]
[EventCountry "ESP"]
[EventCategory "3"]
[Source "lmi"]
[SourceDate "2008.12.27"]

1. d4 g6 2. e4 Bg7 3. Nf3 d6 4. Bd3 Nf6 5. O-O O-O 6. Re1 c5 7. c3 Bg4 8. Nbd2
cxd4 9. cxd4 Nc6 10. h3 Bxf3 11. Nxf3 d5 12. e5 Ne8 13. Be3 Nc7 14. Qd2 Ne6 15.
Bf1 Qb6 16. Rac1 a5 17. Rc3 a4 18. Rd1 Rfd8 19. Ra3 Rdc8 20. b3 axb3 21. Rxb3
Qa7 22. Rdb1 Ned8 23. R1b2 Na5 24. Ra3 Nc4 25. Rxa7 Nxd2 26. Rxa8 Nxf3+ 27.
gxf3 Rxa8 28. Rc2 Nc6 29. Bb5 f6 30. f4 Bf8 31. exf6 exf6 32. Bxc6 bxc6 33.
Rxc6 Kf7 34. Rc2 Ke6 35. Kg2 Kf5 36. Kf3 Ra3 37. Rb2 Bd6 38. Rb5 Ke6 39. Rb2 h5
40. Rb6 Kd7 41. Rb7+ Bc7 42. Rb5 Rxa2 43. Rxd5+ Bd6 44. Rb5 Kc6 45. Rb1 Ra8 46.
Rg1 Rg8 47. f5 g5 48. Ra1 Kd5 49. Ra5+ Kc4 50. Ra6 Kd5 51. Ra5+ Kc4 52. Ra6 Kd5
1/2-1/2

[Event "Memorial Sergio Pons"]
[Site "Ciutadella ESP"]
[Date "2008.12.29"]
[Round "3.4"]
[White "Glicenstein, Asher"]
[Black "Pons Carreras, David"]
[Result "0-1"]
[WhiteElo "2225"]
[BlackElo "2288"]
[PlyCount "154"]
[EventDate "2008.12.28"]
[EventType "tourn"]
[EventRounds "9"]
[EventCountry "ESP"]
[EventCategory "3"]
[Source "lmi"]
[SourceDate "2008.12.27"]

1. d4 Nf6 2. c4 e6 3. Nc3 Bb4 4. e3 O-O 5. Bd3 d5 6. Nf3 c5 7. O-O cxd4 8. exd4
dxc4 9. Bxc4 b6 10. Qe2 Bb7 11. Rd1 Bxc3 12. bxc3 Qc7 13. Ne5 Nbd7 14. Nxd7
Nxd7 15. Bb2 Rac8 16. Bb5 Bd5 17. a4 Nf6 18. Ra3 Bc4 19. Bxc4 Qxc4 20. Qxc4
Rxc4 21. Rd3 Rd8 22. f4 Rd5 23. a5 Rxa5 24. Rxa5 bxa5 25. Rd1 Nd5 26. Ra1 a4
27. g3 Nxc3 28. Bxc3 Rxc3 29. Rxa4 Rc7 30. Ra5 Kf8 31. d5 exd5 32. Rxd5 a6 33.
Ra5 Rc6 34. Kf2 Ke7 35. Ke3 Kd7 36. Kd4 Kc7 37. Kd5 Rh6 38. Ra2 Rh5+ 39. Kc4
Kb6 40. Re2 Rc5+ 41. Kb3 Rc7 42. Re8 Ra7 43. Rc8 Kb5 44. Rb8+ Kc5 45. Rd8 Re7
46. Ra8 Re3+ 47. Ka4 Re6 48. Ra7 Rf6 49. Rd7 Kc4 50. Ka5 h5 51. Rd8 Kc5 52. Ra8
g6 53. Rd8 Kc6 54. Rd2 Kc7 55. Rd5 Re6 56. Rd2 Rc6 57. Rd5 f5 58. Re5 Kd6 59.
Re8 Kd5 60. Re5+ Kd4 61. Re8 Rd6 62. Re2 Kc4 63. Re8 Kd5 64. Re5+ Kd4 65. Re8
Rc6 66. Re2 Kd3 67. Re1 Kd4 68. Re2 Kd5 69. Re5+ Kd6 70. Re8 Kd7 71. Ra8 Ke6
72. Re8+ Kd6 73. Ra8 Kd5 74. Re8 Re6 75. Rc8 Ke4 76. Rc3 Rd6 77. Rb3 h4 0-1

[Event "Memorial Sergio Pons"]
[Site "Ciutadella ESP"]
[Date "2008.12.29"]
[Round "3.5"]
[White "Massanet Massanet, Sebastian"]
[Black "Karim, Ismael"]
[Result "1-0"]
[WhiteElo "2299"]
[BlackElo "2392"]
[PlyCount "95"]
[EventDate "2008.12.28"]
[EventType "tourn"]
[EventRounds "9"]
[EventCountry "ESP"]
[EventCategory "3"]
[Source "lmi"]
[SourceDate "2008.12.27"]

1. d4 d5 2. Nf3 Nf6 3. c4 c6 4. Nc3 e6 5. Bg5 dxc4 6. e4 b5 7. e5 h6 8. Bh4 g5
9. Nxg5 hxg5 10. Bxg5 Nbd7 11. exf6 Bb7 12. g3 Qb6 13. Bg2 c5 14. d5 O-O-O 15.
O-O b4 16. Na4 Qa6 17. a3 Bxd5 18. Bxd5 Ne5 19. axb4 Rxd5 20. Qe2 cxb4 21. Nc3
Ra5 22. Rxa5 Qxa5 23. Ne4 Nd3 24. Rd1 Qf5 25. Bf4 Qh5 26. f3 Bc5+ 27. Nxc5 Nxf4
28. gxf4 Qxc5+ 29. Kh1 Rg8 30. Qe4 Kb8 31. Rd4 a5 32. h4 c3 33. bxc3 b3 34. Qd3
Qb6 35. Qb1 Rc8 36. Qb2 Rh8 37. f5 e5 38. Re4 Rg8 39. Re1 a4 40. Qa3 Rc8 41.
Qxa4 Rxc3 42. Qe8+ Kb7 43. Qxf7+ Ka6 44. Ra1+ Kb5 45. Qd5+ Kb4 46. f7 Qf6 47.
Qe4+ Kc5 48. Ra5+ 1-0

[Event "Memorial Sergio Pons"]
[Site "Ciutadella ESP"]
[Date "2008.12.29"]
[Round "4.1"]
[White "Pons Sastre, Santiago"]
[Black "Karim, Ismael"]
[Result "0-1"]
[WhiteElo "2378"]
[BlackElo "2392"]
[PlyCount "52"]
[EventDate "2008.12.28"]
[EventType "tourn"]
[EventRounds "9"]
[EventCountry "ESP"]
[EventCategory "3"]
[Source "lmi"]
[SourceDate "2008.12.27"]

1. c4 c6 2. Nf3 d5 3. cxd5 cxd5 4. d4 Nf6 5. Nc3 Nc6 6. Bf4 Bf5 7. e3 e6 8. Qb3
Bb4 9. Bb5 O-O 10. O-O Bxc3 11. Qxc3 Ne4 12. Qa3 g5 13. Bg3 f6 14. Rfc1 Qd7 15.
Ne1 h5 16. f3 Nxg3 17. hxg3 Qc7 18. f4 h4 19. gxh4 gxf4 20. Nf3 Be4 21. Rf1 Kh8
22. Bxc6 bxc6 23. Rae1 Rg8 24. exf4 Rg3 25. Qe3 Rag8 26. Re2 Qg7 0-1

[Event "Memorial Sergio Pons"]
[Site "Ciutadella ESP"]
[Date "2008.12.29"]
[Round "4.2"]
[White "Pons Carreras, David"]
[Black "Massanet Massanet, Sebastian"]
[Result "1-0"]
[WhiteElo "2288"]
[BlackElo "2299"]
[PlyCount "91"]
[EventDate "2008.12.28"]
[EventType "tourn"]
[EventRounds "9"]
[EventCountry "ESP"]
[EventCategory "3"]
[Source "lmi"]
[SourceDate "2008.12.27"]

1. Nf3 d5 2. c4 c6 3. e3 Nf6 4. d4 e6 5. Nbd2 Nbd7 6. Bd3 Bd6 7. e4 dxe4 8.
Nxe4 Nxe4 9. Bxe4 c5 10. O-O Qc7 11. Bc2 cxd4 12. Qxd4 Ne5 13. Nxe5 Bxe5 14.
Ba4+ Kf8 15. Qh4 Bd7 16. Bxd7 Qxd7 17. Be3 Bf6 18. Qe4 Qc6 19. Qxc6 bxc6 20.
Rad1 g6 21. Rd7 Kg7 22. b3 a5 23. Rfd1 Rhd8 24. Rxd8 Rxd8 25. Rxd8 Bxd8 26.
Bd4+ Bf6 27. Bb6 Bc3 28. Kf1 e5 29. Ke2 e4 30. Ke3 f5 31. Bd4+ Bxd4+ 32. Kxd4
Kf6 33. a3 c5+ 34. Kd5 g5 35. g3 h6 36. Kxc5 f4 37. Kd4 e3 38. fxe3 f3 39. Kd3
g4 40. b4 axb4 41. axb4 Ke5 42. c5 Kd5 43. e4+ Kc6 44. Ke3 h5 45. Kf2 Kb5 46.
e5 1-0

[Event "Memorial Sergio Pons"]
[Site "Ciutadella ESP"]
[Date "2008.12.29"]
[Round "4.3"]
[White "Alonso Garcia, Rene"]
[Black "Glicenstein, Asher"]
[Result "1-0"]
[WhiteElo "2368"]
[BlackElo "2225"]
[PlyCount "69"]
[EventDate "2008.12.28"]
[EventType "tourn"]
[EventRounds "9"]
[EventCountry "ESP"]
[EventCategory "3"]
[Source "lmi"]
[SourceDate "2008.12.27"]

1. d4 d5 2. c4 c6 3. e3 Nf6 4. Nc3 e6 5. Nf3 Nbd7 6. Qc2 Bd6 7. b3 O-O 8. Be2
a6 9. O-O b6 10. e4 dxe4 11. Ng5 Qc7 12. h3 c5 13. Be3 cxd4 14. Bxd4 e5 15. Be3
h6 16. Ngxe4 Be7 17. Bf3 Bb7 18. Nxf6+ Nxf6 19. Bxb7 Qxb7 20. Na4 Nd7 21. Rfd1
Rad8 22. Nc3 f5 23. Nd5 Bc5 24. Bxc5 Nxc5 25. b4 Ne6 26. Qb2 e4 27. Qe5 Rde8
28. Qd6 b5 29. c5 Nd8 30. Nc7 Nf7 31. Qb6 Qxb6 32. cxb6 Rb8 33. Nd5 Ne5 34. a4
Nc4 35. a5 1-0

[Event "Memorial Sergio Pons"]
[Site "Ciutadella ESP"]
[Date "2008.12.29"]
[Round "4.5"]
[White "Mercadal Benejam, Josep"]
[Black "Lopez, Jordi"]
[Result "0-1"]
[WhiteElo "2140"]
[BlackElo "2301"]
[PlyCount "112"]
[EventDate "2008.12.28"]
[EventType "tourn"]
[EventRounds "9"]
[EventCountry "ESP"]
[EventCategory "3"]
[Source "lmi"]
[SourceDate "2008.12.27"]

1. b3 e5 2. Bb2 Nc6 3. e3 Nf6 4. Bb5 Bd6 5. Ne2 O-O 6. Ng3 Ne7 7. O-O c6 8. Be2
Ng6 9. d3 Bc7 10. Nd2 d5 11. c4 Ne8 12. e4 Nf4 13. Nh5 Nxe2+ 14. Qxe2 Qg5 15.
Ng3 Bg4 16. f3 Be6 17. cxd5 cxd5 18. exd5 Bxd5 19. Nde4 Qg6 20. Ba3 Nd6 21.
Nxd6 Bxd6 22. Bxd6 Qxd6 23. Ne4 Qb6+ 24. Qf2 Rfc8 25. Qxb6 axb6 26. Rac1 Rc6
27. Rxc6 bxc6 28. Rf2 Kf8 29. Rc2 Ke7 30. Nc3 Kd6 31. Nxd5 Kxd5 32. Kf2 f5 33.
g3 g5 34. f4 exf4 35. gxf4 g4 36. a4 c5 37. Re2 Kd4 38. Re6 Rb8 39. Rd6+ Kc3
40. Rd5 Kxb3 41. a5 bxa5 42. Rxc5 a4 43. Rxf5 a3 44. Ra5 Kb2 45. Kg3 a2 46.
Kxg4 a1=Q 47. Rxa1 Kxa1 48. f5 Kb2 49. f6 Kc3 50. Kf5 Kxd3 51. f7 Kd4 52. h4 h5
53. Kf6 Ke4 54. Kg7 Kf5 55. f8=Q+ Rxf8 56. Kxf8 Kg4 0-1

[Event "Memorial Sergio Pons"]
[Site "Ciutadella ESP"]
[Date "2008.12.30"]
[Round "5.1"]
[White "Lopez, Jordi"]
[Black "Pons Sastre, Santiago"]
[Result "1/2-1/2"]
[WhiteElo "2301"]
[BlackElo "2378"]
[PlyCount "40"]
[EventDate "2008.12.28"]
[EventType "tourn"]
[EventRounds "9"]
[EventCountry "ESP"]
[EventCategory "3"]
[Source "lmi"]
[SourceDate "2008.12.27"]

1. d4 d5 2. Nf3 Nf6 3. e3 e6 4. Bd3 c5 5. c3 Nc6 6. Nbd2 Bd6 7. O-O O-O 8. dxc5
Bxc5 9. e4 Qc7 10. Qe2 h6 11. a4 Bd7 12. e5 Nh7 13. Nb3 Be7 14. Nbd4 f5 15.
exf6 Rxf6 16. Bd2 Nf8 17. Nxc6 bxc6 18. Ne5 Bd6 19. f4 Be8 20. Rfe1 Bxe5
1/2-1/2

[Event "Memorial Sergio Pons"]
[Site "Ciutadella ESP"]
[Date "2008.12.30"]
[Round "5.3"]
[White "Glicenstein, Asher"]
[Black "Movsziszian, Karen"]
[Result "0-1"]
[WhiteElo "2225"]
[BlackElo "2558"]
[PlyCount "68"]
[EventDate "2008.12.28"]
[EventType "tourn"]
[EventRounds "9"]
[EventCountry "ESP"]
[EventCategory "3"]
[Source "lmi"]
[SourceDate "2008.12.27"]

1. d4 Nf6 2. c4 g6 3. Nc3 Bg7 4. e4 d6 5. Nf3 O-O 6. Be2 c5 7. d5 e5 8. O-O Ne8
9. a3 Nd7 10. Ne1 f5 11. f3 f4 12. Nd3 h5 13. b4 b6 14. bxc5 bxc5 15. a4 a5 16.
Nb5 Nb8 17. Bd2 Na6 18. g3 Nb4 19. Ra3 fxg3 20. hxg3 Nf6 21. Nf2 h4 22. f4 Nh7
23. Ng4 Ra6 24. fxe5 Rxf1+ 25. Bxf1 dxe5 26. gxh4 Qxh4 27. Bh3 Ng5 28. Bxg5
Qxg5 29. Rg3 Qf4 30. Qf3 Nc2 31. Qxf4 exf4 32. Nh6+ Bxh6 33. Bxc8 fxg3 34. Bxa6
Ne1 0-1

[Event "Memorial Sergio Pons"]
[Site "Ciutadella ESP"]
[Date "2008.12.30"]
[Round "5.4"]
[White "Massanet Massanet, Sebastian"]
[Black "Alonso Garcia, Rene"]
[Result "0-1"]
[WhiteElo "2299"]
[BlackElo "2368"]
[PlyCount "108"]
[EventDate "2008.12.28"]
[EventType "tourn"]
[EventRounds "9"]
[EventCountry "ESP"]
[EventCategory "3"]
[Source "lmi"]
[SourceDate "2008.12.27"]

1. e4 e5 2. Nf3 Nc6 3. Bb5 a6 4. Ba4 Nf6 5. O-O b5 6. Bb3 Bb7 7. d4 Nxd4 8.
Nxd4 exd4 9. e5 Ne4 10. Qf3 Qe7 11. Re1 Nc5 12. Bd5 c6 13. b4 Ne6 14. Be4 Ng5
15. Bxg5 Qxg5 16. a3 Be7 17. h4 Qxh4 18. Nd2 O-O 19. Qd3 f5 20. Bf3 a5 21. g3
Qh6 22. Kg2 axb4 23. Qxd4 d6 24. Qb6 Rab8 25. Qc7 Qxd2 26. Qxe7 bxa3 27. Qe6+
Kh8 28. Rh1 h6 29. Rad1 Qg5 30. Rh5 Rbe8 31. Qb3 Qg6 32. Rxd6 Qf7 33. Qxa3 c5
34. Rh1 Rxe5 35. Rh4 b4 36. Qd3 Be4 37. Qa6 Bxf3+ 38. Kxf3 Kg8 39. Qc6 Rfe8 40.
Rd7 R5e7 41. Rd6 Re6 42. Rxe6 Qxe6 43. Qxc5 Rc8 44. Qb5 Rxc2 45. Rxb4 Kh7 46.
Rf4 Kg6 47. Rh4 Qe1 48. Qb6+ Kh7 49. Rf4 Rc3+ 50. Kg2 Rc1 51. Kf3 Qc3+ 52. Kg2
Qd3 53. Qd4 Qf1+ 54. Kf3 Qh1+ 0-1

[Event "Memorial Sergio Pons"]
[Site "Ciutadella ESP"]
[Date "2008.12.30"]
[Round "5.5"]
[White "Karim, Ismael"]
[Black "Pons Carreras, David"]
[Result "1-0"]
[WhiteElo "2392"]
[BlackElo "2288"]
[PlyCount "41"]
[EventDate "2008.12.28"]
[EventType "tourn"]
[EventRounds "9"]
[EventCountry "ESP"]
[EventCategory "3"]
[Source "lmi"]
[SourceDate "2008.12.27"]

1. e4 e6 2. d4 d5 3. Nc3 Bb4 4. a3 Bxc3+ 5. bxc3 dxe4 6. Qg4 Nf6 7. Qxg7 Rg8 8.
Qh6 Nbd7 9. Ne2 b6 10. Ng3 Rg6 11. Qf4 Bb7 12. Be2 c5 13. O-O Rc8 14. a4 cxd4
15. cxd4 Rxc2 16. Ba3 Rxg3 17. Qxg3 Rxe2 18. Qg7 Nb8 19. Qf8+ Kd7 20. Qxf7+ Kc8
21. Qxe6+ 1-0

[Event "Memorial Sergio Pons"]
[Site "Ciutadella ESP"]
[Date "2008.12.31"]
[Round "6.2"]
[White "Alonso Garcia, Rene"]
[Black "Karim, Ismael"]
[Result "1/2-1/2"]
[WhiteElo "2368"]
[BlackElo "2392"]
[PlyCount "53"]
[EventDate "2008.12.28"]
[EventType "tourn"]
[EventRounds "9"]
[EventCountry "ESP"]
[EventCategory "3"]
[Source "lmi"]
[SourceDate "2008.12.27"]

1. d4 d5 2. c4 c6 3. Nf3 Nf6 4. Nc3 e6 5. Bg5 dxc4 6. e4 b5 7. e5 h6 8. Bh4 g5
9. Nxg5 hxg5 10. Bxg5 Nbd7 11. g3 Bb7 12. Bg2 Qb6 13. exf6 O-O-O 14. O-O c5 15.
d5 b4 16. Rb1 Qa6 17. dxe6 Bxg2 18. e7 Bxf1 19. Qd5 Bd3 20. Ne4 Bxe7 21. fxe7
Bxb1 22. Nd6+ Kc7 23. Bf4 Kb6 24. Nxc4+ Kb5 25. Nd6+ Kb6 26. Nc4+ Kb5 27. Nd6+
1/2-1/2

[Event "Memorial Sergio Pons"]
[Site "Ciutadella ESP"]
[Date "2008.12.31"]
[Round "6.3"]
[White "Movsziszian, Karen"]
[Black "Massanet Massanet, Sebastian"]
[Result "1-0"]
[WhiteElo "2558"]
[BlackElo "2299"]
[PlyCount "117"]
[EventDate "2008.12.28"]
[EventType "tourn"]
[EventRounds "9"]
[EventCountry "ESP"]
[EventCategory "3"]
[Source "lmi"]
[SourceDate "2008.12.27"]

1. g3 d5 2. Bg2 Nf6 3. Nf3 e6 4. O-O c5 5. c4 Nc6 6. cxd5 Nxd5 7. d4 Be7 8.
dxc5 O-O 9. a3 Bxc5 10. Qc2 Qb6 11. b4 Bd4 12. Nxd4 Nxd4 13. Qb2 Rd8 14. e3 Nc6
15. e4 Nf6 16. Bg5 e5 17. Nc3 Be6 18. Rad1 Nd4 19. Kh1 Bc4 20. Rfe1 h6 21. Be3
Qe6 22. f4 Nc6 23. b5 Rxd1 24. Rxd1 Na5 25. Nd5 Bxd5 26. exd5 Qg4 27. Rc1 exf4
28. Bxf4 Nc4 29. Qd4 Nd6 30. a4 Nfe8 31. h3 Qd7 32. Kh2 a6 33. b6 Rc8 34. Rxc8
Qxc8 35. Qb4 Qd8 36. Qd4 Nf5 37. Qe5 Nfd6 38. a5 Nc4 39. Qc3 Ncd6 40. Bf3 Qc8
41. Qe5 Qc2+ 42. Bg2 Kf8 43. g4 Qc5 44. Qa1 Qb4 45. Bg3 Ne4 46. Be5 N4d6 47.
Kh1 Kg8 48. Bc3 Qc5 49. Qe1 Kf8 50. Bb4 Qc4 51. Bf3 Qb3 52. Kg2 Qa2+ 53. Kg3
Qb3 54. h4 Kg8 55. Bc5 Qc4 56. Qb4 Qxb4 57. Bxb4 Kf8 58. Be2 Ke7 59. Bxa6 1-0

[Event "Memorial Sergio Pons"]
[Site "Ciutadella ESP"]
[Date "2008.12.31"]
[Round "6.4"]
[White "Mercadal Benejam, Josep"]
[Black "Glicenstein, Asher"]
[Result "0-1"]
[WhiteElo "2140"]
[BlackElo "2225"]
[PlyCount "69"]
[EventDate "2008.12.28"]
[EventType "tourn"]
[EventRounds "9"]
[EventCountry "ESP"]
[EventCategory "3"]
[Source "lmi"]
[SourceDate "2008.12.27"]

1. Nf3 c5 2. b3 Nc6 3. Bb2 d5 4. e3 Nf6 5. Bb5 Bg4 6. h3 Bh5 7. Be2 Qc7 8. d3
e5 9. Nbd2 Rd8 10. Nh4 Bxe2 11. Qxe2 g6 12. O-O Bd6 13. e4 d4 14. Nc4 Be7 15.
g3 O-O 16. a4 Ne8 17. Ng2 Ng7 18. Rae1 a6 19. Bc1 b5 20. Nb2 Rc8 21. Bh6 Na5
22. Bxg7 Kxg7 23. f4 f6 24. f5 g5 25. Ra1 c4 26. axb5 cxb3 27. cxb3 axb5 28.
Qd1 Qc3 29. Rf2 Nxb3 30. Ra7 Rf7 31. Ne1 Qc1 32. Qxc1 Rxc1 33. Kf1 Rxe1+ 34.
Kxe1 Bb4+ 35. Kd1 0-1

[Event "Memorial Sergio Pons"]
[Site "Ciutadella ESP"]
[Date "2009.01.02"]
[Round "7.2"]
[White "Glicenstein, Asher"]
[Black "Lopez, Jordi"]
[Result "1/2-1/2"]
[WhiteElo "2225"]
[BlackElo "2301"]
[PlyCount "29"]
[EventDate "2008.12.28"]
[EventType "tourn"]
[EventRounds "9"]
[EventCountry "ESP"]
[EventCategory "3"]
[Source "lmi"]
[SourceDate "2008.12.27"]

1. d4 Nf6 2. c4 e6 3. Nf3 b6 4. g3 Bb7 5. Bg2 Be7 6. O-O O-O 7. Nc3 Ne4 8. Nxe4
Bxe4 9. Ne1 Bxg2 10. Nxg2 d5 11. Qc2 dxc4 12. Qxc4 c5 13. dxc5 Bxc5 14. Be3 Nd7
15. Rfd1 1/2-1/2